[Event "ESP-ch 85th"]
[Site "Linares"]
[Date "2020.08.31"]
[Round "1"]
[White "Carmona Huertas, Juan Antonio"]
[Black "Alvarez Fernandez, Enrique"]
[Result "0-1"]
[WhiteElo "2012"]
[BlackElo "2376"]
[PlyCount "88"]
[EventDate "2020.08.31"]
[EventType "swiss"]
[EventRounds "9"]
[EventCountry "ESP"]
[SourceTitle "EXT 2021"]
[Source "ChessBase"]
[SourceDate "2020.10.23"]
[SourceVersion "1"]
[SourceVersionDate "2020.10.23"]
[SourceQuality "1"]

1. e4 c5 2. Nf3 e6 3. d4 cxd4 4. Nxd4 a6 5. Be2 Nf6 6. Nc3 Bb4 7. Qd3 Qc7 8. 0-0 Nc6 9. Nb3 Ne5 10. Qg3 0-0 11. Bh6 Ne8 12. Bf4 d6 13. Rad1 Ng6 14. Bc1 b5 15. h4 Bb7 16. h5 Ne5 17. f4 Nc4 18. Qd3 Rc8 19. Rf3 Nf6 20. h6 g6 21. Kh1 Qe7 22. f5 exf5 23. Nd5 Bxd5 24. exd5 Ne5 25. Qd4 Rxc2 26. Re3 Ne4 27. Rxe4 fxe4 28. Qxe4 Rfc8 29. Bd3 R2c7 30. Qxb4 Nxd3 31. Rxd3 Rxc1+ 32. Nxc1 Rxc1+ 33. Kh2 Qe5+ 34. Rg3 Rc4 35. Qa5 Rh4+ 36. Kg1 Qd4+ 37. Kf1 Rh1+ 38. Ke2 Qxb2+ 39. Ke3 Qe5+ 40. Kf2 Qb2+ 41. Ke3 Qc1+ 42. Ke2 Qd1+ 43. Ke3 Re1+ 44. Kf4 Qd4+ 0-1

[Event "Barcelona Sants op 21st"]
[Site "Barcelona"]
[Date "2019.08.30"]
[Round "8"]
[White "Castellet Menchon, Cora"]
[Black "Carmona Huertas, Juan Antonio"]
[Result "0-1"]
[WhiteElo "1866"]
[BlackElo "1930"]
[PlyCount "92"]
[EventDate "2019.08.23"]
[EventType "swiss"]
[EventRounds "10"]
[EventCountry "ESP"]
[SourceTitle "EXT 2020"]
[Source "ChessBase"]
[SourceDate "2019.10.17"]
[SourceVersion "1"]
[SourceVersionDate "2019.10.17"]
[SourceQuality "1"]

1. d4 Nf6 2. c4 g6 3. Nc3 d5 4. cxd5 Nxd5 5. e4 Nxc3 6. bxc3 Bg7 7. Be3 c5 8. Qd2 cxd4 9. cxd4 0-0 10. Rc1 Nc6 11. d5 Na5 12. Nf3 b6 13. Be2 f5 14. e5 Bb7 15. Rd1 Rc8 16. 0-0 Qd7 17. e6 Qa4 18. Bh6 Rc2 19. Qg5 Bf6 20. Qe3 f4 21. Qd3 Rd8 22. Ne1 Rc3 23. Qd2 Rxd5 24. Qxf4 Qxf4 25. Bxf4 Rxd1 26. Bxd1 Ba6 27. Nf3 Bxf1 28. Kxf1 Rc6 29. Bd2 Bc3 30. Bxc3 Rxc3 31. a4 Rc6 32. Ng5 h6 33. Nf7 Kg7 34. Bg4 h5 35. Bh3 Nb3 36. g3 Nd4 37. Ng5 a6 38. Ke1 b5 39. axb5 axb5 40. Bg2 Rd6 41. Ne4 Rxe6 42. Kd2 Ra6 43. Kc3 e5 44. f4 Ra3+ 45. Kb2 Rb3+ 46. Ka2 Re3 0-1

[Event "Alcoy Region-ch"]
[Site "Alcoy"]
[Date "2016.10.08"]
[Round "2"]
[White "Carmona Huertas, Juan Antonio"]
[Black "Galiana Fernandez, Adrian"]
[Result "0-1"]
[WhiteElo "1992"]
[BlackElo "2102"]
[PlyCount "62"]
[EventDate "2016.10.01"]
[EventType "swiss"]
[EventRounds "7"]
[EventCountry "ESP"]
[SourceTitle "EXT 2024"]
[Source "ChessBase"]
[SourceDate "2023.10.10"]
[SourceVersion "1"]
[SourceVersionDate "2023.10.10"]
[SourceQuality "1"]

1. e4 c5 2. Nf3 e6 3. d4 cxd4 4. Nxd4 Nf6 5. Nc3 d6 6. g4 h6 7. h4 Nc6 8. Bb5 Bd7 9. Bxc6 bxc6 10. Qf3 e5 11. Nf5 Rb8 12. g5 hxg5 13. hxg5 Rxh1+ 14. Qxh1 Ng8 15. b3 Bxf5 16. exf5 d5 17. Qh8 Ne7 18. f6 gxf6 19. Qxf6 Qc7 20. f4 e4 21. Ne2 Rb6 22. Qh8 Ng6 23. Qh5 Be7 24. Rb1 Qd7 25. Be3 Rb8 26. Qh7 Bf8 27. Rd1 c5 28. Nc3 d4 29. Nxe4 Qe6 30. Nf6+ Ke7 31. Ng8+ Kd8 0-1

[Event "La Vila Region-ch Preferente"]
[Site "La Vila"]
[Date "2015.11.21"]
[Round "7.9"]
[White "Ortiz Roman, Javier"]
[Black "Carmona Huertas, Juan Antonio"]
[Result "0-1"]
[WhiteElo "1680"]
[BlackElo "1610"]
[PlyCount "112"]
[EventDate "2015.10.03"]
[EventType "swiss"]
[EventRounds "7"]
[EventCountry "ESP"]
[SourceTitle "EXT 2024"]
[Source "ChessBase"]
[SourceDate "2023.10.10"]
[SourceVersion "1"]
[SourceVersionDate "2023.10.10"]
[SourceQuality "1"]

1. d4 Nf6 2. Nf3 e6 3. c4 b6 4. Bg5 h6 5. Bxf6 Qxf6 6. e3 Bb7 7. Nbd2 d6 8. Qc2 Nd7 9. Bd3 c5 10. Ne4 Qd8 11. dxc5 Nxc5 12. Nxc5 dxc5 13. Be4 Qc7 14. Qa4+ Ke7 15. Bxb7 Qxb7 16. 0-0 g6 17. Rad1 Bg7 18. b4 Rhc8 19. Qb3 Kf8 20. Rd3 Kg8 21. Rfd1 cxb4 22. Qxb4 Qa6 23. Qe7 Re8 24. Rd8 Raxd8 25. Rxd8 Rxd8 26. Qxd8+ Kh7 27. Qe8 Qxc4 28. g3 Qc7 29. Qa8 e5 30. g4 Qc1+ 31. Kg2 Qa3 32. Qd5 Qe7 33. e4 Qc7 34. g5 h5 35. h4 Qe7 36. Qd2 Qb7 37. Qc2 Qd7 38. Nh2 Qd4 39. f3 Qe3 40. Qf2 Qxf2+ 41. Kxf2 f6 42. Ke3 fxg5 43. hxg5 Bf8 44. Nf1 Bc5+ 45. Ke2 Be7 46. Ne3 Bxg5 47. Nd5 Kg7 48. Kd3 Kf7 49. Nc3 Be7 50. Ne2 Ke6 51. f4 Bf6 52. Ke3 Bg7 53. Kf3 Bh6 54. f5+ gxf5 55. exf5+ Kxf5 56. Ng3+ Ke6 0-1

[Event "Xativa Murta op 1st"]
[Site "Xativa"]
[Date "2015.08.25"]
[Round "2"]
[White "Hassomal Daswani, Birjkumar"]
[Black "Carmona Huertas, Juan Antonio"]
[Result "1-0"]
[WhiteElo "2109"]
[BlackElo "1773"]
[PlyCount "59"]
[EventDate "2015.08.25"]
[EventType "swiss"]
[EventRounds "9"]
[EventCountry "ESP"]
[SourceTitle "EXT 2016"]
[Source "ChessBase"]
[SourceDate "2015.10.08"]
[SourceVersion "1"]
[SourceVersionDate "2015.10.08"]
[SourceQuality "1"]

1. e4 c5 2. Nf3 Nc6 3. d4 cxd4 4. Nxd4 g6 5. Nc3 Bg7 6. Be3 Nf6 7. Bc4 0-0 8. Bb3 d6 9. f3 Bd7 10. Qd2 Nxd4 11. Bxd4 a5 12. a4 Bc6 13. 0-0-0 Nd7 14. Bxg7 Kxg7 15. h4 h5 16. g4 Nf6 17. gxh5 Nxh5 18. Rdg1 e6 19. Ne2 Rh8 20. Qe3 Qf6 21. Rg5 Kf8 22. Rhg1 Ng7 23. R1g4 e5 24. f4 Ne6 25. Bxe6 Qxe6 26. Nc3 Bd7 27. f5 gxf5 28. exf5 Qf6 29. Nd5 Qd8 30. Rg8+ 1-0

[Event "Sueca op 1st"]
[Site "Sueca"]
[Date "2015.07.27"]
[Round "1"]
[White "Carmona Huertas, Juan Antonio"]
[Black "Montoliu Cervero, Francisco"]
[Result "0-1"]
[WhiteElo "1801"]
[BlackElo "2335"]
[PlyCount "70"]
[EventDate "2015.07.27"]
[EventType "swiss"]
[EventRounds "8"]
[EventCountry "ESP"]
[SourceTitle "EXT 2016"]
[Source "ChessBase"]
[SourceDate "2015.10.08"]
[SourceVersion "1"]
[SourceVersionDate "2015.10.08"]
[SourceQuality "1"]

1. d4 d5 2. c4 c6 3. Nc3 Nf6 4. Nf3 a6 5. cxd5 cxd5 6. Qb3 Nc6 7. Bg5 e6 8. e3 Be7 9. Be2 0-0 10. 0-0 b5 11. a3 Bb7 12. Rac1 Rc8 13. Qa2 Na5 14. Ne5 Nc4 15. b3 Nxe5 16. dxe5 Nd7 17. Bxe7 Qxe7 18. Qb2 Nxe5 19. Nxb5 axb5 20. Qxe5 Qxa3 21. Rxc8 Rxc8 22. Bxb5 Qxb3 23. Bd7 Rd8 24. Qc7 Rf8 25. Rc1 Ba6 26. h3 Bc4 27. e4 Qb2 28. Re1 Qd2 29. Ra1 Qd4 30. Ra4 Qxe4 31. Qa5 Qb1+ 32. Kh2 Qb2 33. Qe1 Qb7 34. Bxe6 fxe6 35. Qxe6+ Qf7 0-1

[Event "Alzira op"]
[Site "Alzira"]
[Date "2014.08.24"]
[Round "4"]
[White "Nieto Tornero, Jose"]
[Black "Carmona Huertas, Juan Antonio"]
[Result "1-0"]
[WhiteElo "1914"]
[BlackElo "1447"]
[PlyCount "63"]
[EventDate "2014.08.22"]
[EventType "swiss"]
[EventRounds "9"]
[EventCountry "ESP"]
[SourceTitle "EXT 2016"]
[Source "ChessBase"]
[SourceDate "2015.10.08"]
[SourceVersion "1"]
[SourceVersionDate "2015.10.08"]
[SourceQuality "1"]

1. e4 c5 2. Nf3 Nc6 3. d4 cxd4 4. Nxd4 g6 5. Nc3 Bg7 6. Be3 Nf6 7. Be2 0-0 8. 0-0 a6 9. Qd2 Qc7 10. f4 d6 11. h3 b5 12. Nxc6 Qxc6 13. e5 b4 14. Bf3 bxc3 15. Bxc6 cxd2 16. Bxa8 dxe5 17. fxe5 Nd7 18. e6 fxe6 19. Rxf8+ Kxf8 20. c3 Ne5 21. Rf1+ Bf6 22. Bxd2 Nc4 23. Bc1 Kg7 24. Be4 Nd6 25. Bc6 Bb7 26. Bxb7 Nxb7 27. Rf4 Nc5 28. Rf3 e5 29. b4 e4 30. Rxf6 Kxf6 31. bxc5 Ke6 32. c4 1-0